<?xml version="1.0" encoding="UTF-8"?>
<record
    xmlns:xsi="http://www.w3.org/2001/XMLSchema-instance"
    xsi:schemaLocation="http://www.loc.gov/MARC21/slim http://www.loc.gov/standards/marcxml/schema/MARC21slim.xsd"
    xmlns="http://www.loc.gov/MARC21/slim">

  <leader>01282nam a22002657a 4500</leader>
  <controlfield tag="005">20170124103200.0</controlfield>
  <datafield tag="010" ind1=" " ind2=" ">
    <subfield code="a">B-082048</subfield>
  </datafield>
  <datafield tag="020" ind1=" " ind2=" ">
    <subfield code="c">600.00</subfield>
    <subfield code="a">8185616825</subfield>
  </datafield>
  <datafield tag="035" ind1=" " ind2=" ">
    <subfield code="a">B-082048</subfield>
  </datafield>
  <datafield tag="037" ind1=" " ind2=" ">
    <subfield code="b">Cen Lib/Ret</subfield>
  </datafield>
  <datafield tag="040" ind1=" " ind2=" ">
    <subfield code="a">DPL</subfield>
    <subfield code="b">HN</subfield>
  </datafield>
  <datafield tag="082" ind1=" " ind2=" ">
    <subfield code="a">240</subfield>
    <subfield code="b">&#x91C;&#x948;&#x928;&#x939;&#x940; </subfield>
  </datafield>
  <datafield tag="100" ind1=" " ind2=" ">
    <subfield code="a">&#x91C;&#x948;&#x928;, &#x939;&#x940;&#x930;&#x93E;&#x932;&#x93E;&#x932; </subfield>
    <subfield code="9">43761</subfield>
  </datafield>
  <datafield tag="245" ind1=" " ind2=" ">
    <subfield code="a">&#x91C;&#x948;&#x928; &#x92A;&#x930;&#x92E;&#x94D;&#x92A;&#x930;&#x93E; &#x914;&#x930; &#x936;&#x94D;&#x930;&#x92E;&#x923; &#x938;&#x902;&#x938;&#x94D;&#x915;&#x943;&#x924;&#x93F; /</subfield>
    <subfield code="c">&#x939;&#x940;&#x930;&#x93E;&#x932;&#x93E;&#x932; &#x91C;&#x948;&#x928; ; &#x938;&#x92E;&#x94D;&#x92A;&#x93E;&#x926;&#x915; &#x927;&#x930;&#x92E;&#x91A;&#x902;&#x926; &#x91C;&#x948;&#x928; </subfield>
  </datafield>
  <datafield tag="246" ind1=" " ind2=" ">
    <subfield code="a">Jain parampara aur shraman sanksriti /</subfield>
    <subfield code="b">by Hiralal Jain ; sampadak Dharam Chand Jain </subfield>
  </datafield>
  <datafield tag="260" ind1=" " ind2=" ">
    <subfield code="b">&#x936;&#x93E;&#x930;&#x926;&#x93E; &#x92A;&#x92C;&#x94D;&#x932;&#x93F;&#x936;&#x93F;&#x902;&#x917; &#x939;&#x93E;&#x909;&#x938; </subfield>
    <subfield code="a">&#x926;&#x93F;&#x932;&#x94D;&#x932;&#x940; </subfield>
    <subfield code="c">2002</subfield>
  </datafield>
  <datafield tag="270" ind1=" " ind2=" ">
    <subfield code="a">40, &#x906;&#x928;&#x928;&#x94D;&#x926; &#x928;&#x917;&#x930;, &#x907;&#x928;&#x94D;&#x926;&#x94D;&#x930;&#x932;&#x94B;&#x915; </subfield>
    <subfield code="b">&#x926;&#x93F;&#x932;&#x94D;&#x932;&#x940; </subfield>
    <subfield code="e">110035</subfield>
  </datafield>
  <datafield tag="300" ind1=" " ind2=" ">
    <subfield code="a">xi,322&#x92A;&#x943;. </subfield>
    <subfield code="c">21&#x938;&#x947;&#x92E;&#x940;(&#x938;&#x91C;&#x93F;&#x932;&#x94D;&#x926;)</subfield>
  </datafield>
  <datafield tag="650" ind1=" " ind2=" ">
    <subfield code="a">&#x91C;&#x948;&#x928; &#x927;&#x930;&#x94D;&#x92E; - &#x938;&#x93F;&#x926;&#x94D;&#x927;&#x93E;&#x902;&#x924;&#x94B;&#x902;</subfield>
    <subfield code="9">91503</subfield>
  </datafield>
  <datafield tag="650" ind1=" " ind2=" ">
    <subfield code="a">&#x92E;&#x920; &#x914;&#x930; &#x927;&#x93E;&#x930;&#x94D;&#x92E;&#x93F;&#x915; &#x91C;&#x940;&#x935;&#x928; (&#x91C;&#x948;&#x928; &#x927;&#x930;&#x94D;&#x92E;)</subfield>
    <subfield code="9">91504</subfield>
  </datafield>
  <datafield tag="650" ind1=" " ind2=" ">
    <subfield code="a">Jainism -- Doctrines.</subfield>
    <subfield code="9">91505</subfield>
  </datafield>
  <datafield tag="650" ind1=" " ind2=" ">
    <subfield code="a">Monastic and religious life (Jainism)</subfield>
    <subfield code="9">91506</subfield>
  </datafield>
  <datafield tag="700" ind1=" " ind2=" ">
    <subfield code="a">&#x91C;&#x948;&#x928;, &#x927;&#x930;&#x92E;&#x91A;&#x902;&#x926; </subfield>
    <subfield code="9">91507</subfield>
  </datafield>
  <datafield tag="942" ind1=" " ind2=" ">
    <subfield code="2">ddc</subfield>
    <subfield code="c">HN</subfield>
    <subfield code="h">240</subfield>
    <subfield code="m">&#x91C;&#x948;&#x928;&#x939;&#x940; </subfield>
  </datafield>
  <datafield tag="999" ind1=" " ind2=" ">
    <subfield code="c">120602</subfield>
    <subfield code="d">120602</subfield>
  </datafield>
  <datafield tag="952" ind1=" " ind2=" ">
    <subfield code="0">0</subfield>
    <subfield code="1">0</subfield>
    <subfield code="4">0</subfield>
    <subfield code="7">0</subfield>
    <subfield code="a">L</subfield>
    <subfield code="b">L</subfield>
    <subfield code="d">2015-09-23</subfield>
    <subfield code="e">Cen Lib/Ret</subfield>
    <subfield code="g">600.00</subfield>
    <subfield code="l">2</subfield>
    <subfield code="o">240 &#x91C;&#x948;&#x928;&#x939;&#x940;</subfield>
    <subfield code="p">B-082048</subfield>
    <subfield code="r">2018-11-30 00:00:00</subfield>
    <subfield code="s">2018-11-17</subfield>
    <subfield code="t">1</subfield>
    <subfield code="v">600.00</subfield>
    <subfield code="w">2015-09-23</subfield>
    <subfield code="y">HN</subfield>
  </datafield>
</record>
